000 00496nam a2200181Ia 4500
005 20250423095108.0
008 250422s9999 xx 000 0 und d
020 _a9781591953036
050 _aQZ 267 .D78/
245 0 _aDrug information handbook for oncology : a complete guide to combination chemotherapy regimens
250 _a10th ed.
260 _aOhio
260 _bLexicomp
260 _c2012
300 _a1820 p
650 _aKanser Cancer Kemoterapi Chemotherapy
942 _cBK
999 _c29227
_d29227